The use and value of commercial property data (Record no. 116282)
[ view plain ]
| 000 -LEADER | |
|---|---|
| fixed length control field | 01381cad a22002655a 4500 |
| 001 - CONTROL NUMBER | |
| control field | L160220 |
| 008 - FIXED-LENGTH DATA ELEMENTS--GENERAL INFORMATION | |
| fixed length control field | 190409s2019 xxk f 000 0 eng d |
| 020 ## - INTERNATIONAL STANDARD BOOK NUMBER | |
| International Standard Book Number | 9781783213528 |
| 035 ## - SYSTEM CONTROL NUMBER | |
| System control number | (Sirsi) u160220 |
| 041 0# - LANGUAGE CODE | |
| Language code of text/sound track or separate title | eng |
| 100 1# - MAIN ENTRY--PERSONAL NAME | |
| Personal name | Ewart, Rebecca |
| 245 04 - TITLE STATEMENT | |
| Title | The use and value of commercial property data |
| Medium | [electronic resource] |
| 260 ## - PUBLICATION, DISTRIBUTION, ETC. | |
| Place of publication, distribution, etc. | London |
| Name of publisher, distributor, etc. | RICS |
| Date of publication, distribution, etc. | 2019 |
| 490 #0 - SERIES STATEMENT | |
| Series statement | RICS Insights |
| 490 #0 - SERIES STATEMENT | |
| Series statement | RICS Practice Information |
| 500 ## - GENERAL NOTE | |
| General note | This document was originally published in April 2019 as an RICS insight paper and reissued in September 2024 as RICS practice information |
| 520 ## - SUMMARY, ETC. | |
| Summary, etc. | Discusses the benefits of and challenges to an increasing use of data in the commercial property market. It considers not only its availability and quality but also the skills needed by surveyors to recognise its uses and maximise the value in analysing it. It deals with the ownership of data, its security and regulation and also makes predictions and recommendations for the future of a property world full of accurate, easily available data. |
| 651 #4 - SUBJECT ADDED ENTRY--GEOGRAPHIC NAME | |
| Geographic name | United Kingdom |
| 690 ## - LOCAL SUBJECT ADDED ENTRY--TOPICAL TERM (OCLC, RLIN) | |
| Topical term or geographic name as entry element | Commercial property |
| 9 (RLIN) | 6227 |
| 690 ## - LOCAL SUBJECT ADDED ENTRY--TOPICAL TERM (OCLC, RLIN) | |
| Topical term or geographic name as entry element | Valuation |
| 9 (RLIN) | 6273 |
| 700 1# - ADDED ENTRY--PERSONAL NAME | |
| Personal name | Waller, Andrew |
| 700 1# - ADDED ENTRY--PERSONAL NAME | |
| Personal name | Webster, Neil |
| 856 40 - ELECTRONIC LOCATION AND ACCESS | |
| Uniform Resource Identifier | <a href="https://www.rics.org/news-insights/research-and-insights/the-use-and-value-of-commercial-property-data">https://www.rics.org/news-insights/research-and-insights/the-use-and-value-of-commercial-property-data</a> |
| Public note | View at www.rics.org |
| 942 ## - ADDED ENTRY ELEMENTS (KOHA) | |
| Suppress in OPAC | 0 |
| Source of classification or shelving scheme | Dewey Decimal Classification |
| Withdrawn status | Lost status | Source of classification or shelving scheme | Damaged status | Not for loan | Home library | Current library | Shelving location | Date acquired | Total Checkouts | Full call number | Date last seen | Copy number | Price effective from | Koha item type |
|---|---|---|---|---|---|---|---|---|---|---|---|---|---|---|
| Dewey Decimal Classification | Virtual | Virtual | Online | 09/04/2019 | ONLINE PUBLICATION | 17/01/2025 | 1 | 06/08/2019 | Online material |